000 00339nam a2200133Ia 4500
008 240624s9999 xx 000 0 und d
041 _aeng
082 _a657 BAT
100 _aBATRA JAI KUMAR
245 _aACCOUNTING AND FINANCE FOR NON FINANCE M
260 _c2019
_aNew Delhi
_bSage
300 _axl, 1062 p.; 23 cm.
365 _cRS
_b35
999 _c31649
_d31649